00560nam a2200181 a 450000100060000000300090000600800410001504000280005608200170008410000220010124501100012326000480023330000110028165000190029265000230031165000230033465000210035715561CO-ViMGA141112s2004 ck r 000 u spa d aCO-ViMGAbspacCO-ViMGA04a701.17 M676d1 aMosquera, Gerardo10aEl diseño se definió en Octubre : bArte y diseño : bProblemas en torno a su definición cultural aLa Habana ( Cuba), cArte y Literatura 1989 a294.p.14aARTE Y CRITICA14aCOMPOSICION - ARTE14aDISEÑO - TEORIAS14aDISEÑO GRAFICO